000 01310nam a22003857a 4500
003 CHAP
005 20220817043811.0
008 010926d1969 it ad r 00110 spa d
010 _a84817
011 _a85789
035 _a96325
040 _cCHAP
090 _aFolleto 16354
110 2 _aFAO. Dirección de Servicios Agrícolas
245 1 0 _aSecado al sol de frutas y hortalizas
_c/por T.H. Jackson y B.B. Mohammed
260 _aRoma :
_bFAO,
_c1969
300 _a13 p. :
_bilus. ; cuadros
410 2 1 _aFAO. Dirección de Servicios Agrícolas
490 0 _aFAO. Servicios agrícolas
_v; 5
590 _aBATCH-UPD
_b10
_c20130110
_lUCH01
_h0436
590 _aBATCH-UPD
_b10
_c20130410
_lUCH01
_h0112
590 _aBATCH-UPD
_b10
_c20130914
_lUCH01
_h1347
590 _aCONVERSION
_b10
_c20130109
_lUCH01
_h1347
650 1 4 _aFrutas y legumbres
_xDeshidratación.
_943680
650 1 4 _aFrutas y legumbres
_xSecado.
_943682
650 1 4 _aHorticultura.
_956291
700 0 _aMohammed, B.B.
_977277
700 1 _aJackson, T. H.
_960830
810 2 1 _aFAO. Dirección de Servicios Agrícolas
830 0 0 _aFAO. Servicios agrícolas
_v; 5
_939697
901 _aBK
905 _aAlejandra Carrasco M.
942 _cFOLL
949 _aFolleto 16354
_bBC
_cFOLL
_d33724002033769
_eTS1
_gDonaciØn conasupo
_i96325
_sb
999 _c84817
_d84817